<?xml version="1.0" encoding="UTF-8"?><?xml-stylesheet type="text/xsl" href="static/style.xsl"?><OAI-PMH xmlns="http://www.openarchives.org/OAI/2.0/" xmlns:xsi="http://www.w3.org/2001/XMLSchema-instance" xsi:schemaLocation="http://www.openarchives.org/OAI/2.0/ http://www.openarchives.org/OAI/2.0/OAI-PMH.xsd"><responseDate>2026-06-05T12:46:11Z</responseDate><request verb="GetRecord" identifier="oai:riuma.uma.es:10630/33991" metadataPrefix="marc">https://riuma.uma.es/rest/oai/request</request><GetRecord><record><header><identifier>oai:riuma.uma.es:10630/33991</identifier><datestamp>2026-02-03T10:57:23Z</datestamp><setSpec>com_10630_2254</setSpec><setSpec>col_10630_37953</setSpec></header><metadata><record xmlns="http://www.loc.gov/MARC21/slim" xmlns:dcterms="http://purl.org/dc/terms/" xmlns:doc="http://www.lyncode.com/xoai" xmlns:xsi="http://www.w3.org/2001/XMLSchema-instance" xsi:schemaLocation="http://www.loc.gov/MARC21/slim http://www.loc.gov/standards/marcxml/schema/MARC21slim.xsd">
   <leader>00925njm 22002777a 4500</leader>
   <datafield ind2=" " ind1=" " tag="042">
      <subfield code="a">dc</subfield>
   </datafield>
   <datafield ind2=" " ind1=" " tag="720">
      <subfield code="a">García-Rosado, Esther</subfield>
      <subfield code="e">author</subfield>
   </datafield>
   <datafield ind2=" " ind1=" " tag="720">
      <subfield code="a">Cano, Irene</subfield>
      <subfield code="e">author</subfield>
   </datafield>
   <datafield ind2=" " ind1=" " tag="720">
      <subfield code="a">Martín-Antonio, Beatriz</subfield>
      <subfield code="e">author</subfield>
   </datafield>
   <datafield ind2=" " ind1=" " tag="720">
      <subfield code="a">Labella Vera, Alejandro Manuel</subfield>
      <subfield code="e">author</subfield>
   </datafield>
   <datafield ind2=" " ind1=" " tag="720">
      <subfield code="a">Manchado, Manuel</subfield>
      <subfield code="e">author</subfield>
   </datafield>
   <datafield ind2=" " ind1=" " tag="720">
      <subfield code="a">Alonso, María del Carmen</subfield>
      <subfield code="e">author</subfield>
   </datafield>
   <datafield ind2=" " ind1=" " tag="720">
      <subfield code="a">Castro, Dolores</subfield>
      <subfield code="e">author</subfield>
   </datafield>
   <datafield ind2=" " ind1=" " tag="720">
      <subfield code="a">Borrego, Juan José</subfield>
      <subfield code="e">author</subfield>
   </datafield>
   <datafield ind2=" " ind1=" " tag="260">
      <subfield code="c">2007-09-01</subfield>
   </datafield>
   <datafield ind2=" " ind1=" " tag="520">
      <subfield code="a">Several microbial disease outbreaks in farm stocks of newly cultured sparid fish species, such as common&#xd;
seabream, redbanded seabream, and white seabream, were recorded from 2004 to 2006. This study describes the isolation and&#xd;
characterization of the potential causative agents, either bacteria or viruses, of these outbreaks. The isolated bacterial strains&#xd;
were characterized according to traditional taxonomical analyses and sequencing of a 16S rDNA fragment. Most bacteria&#xd;
were identified as Vibrio spp. and Photobacterium damselae subsp. damselae. The development of cytopathic effects (CPE)&#xd;
on different fish cell lines, the application of specific nested-PCR tests for infectious pancreatic necrosis virus (IPNV), viral&#xd;
nervous necrosis virus (VNNV) and viral hemorrhagic septicemia virus (VHSV), and subsequent sequence analyses were&#xd;
used for virus detection and identification. VNNV, related to the striped jack neural necrosis virus (SJNNV) genotype, and&#xd;
VHSV, related to the genotype Ia, were the only viruses detected. VNNV was isolated from the three fish species under study&#xd;
in five different outbreaks, whereas VHSV was isolated from common seabream and white seabream during two of these outbreaks.&#xd;
IPNV was not detected in any case.</subfield>
   </datafield>
   <datafield ind1="8" ind2=" " tag="024">
      <subfield code="a">García-Rosado E, Cano I, Martín-Antonio B, Labella A, Manchado M, Alonso MC, Castro D, Borrego JJ. Co-occurrence of viral and bacterial pathogens in disease outbreaks affecting newly cultured sparid fish. Int Microbiol. 2007 Sep;10(3):193-9. PMID: doi: 18076001.10.2436/20.1501.01.27</subfield>
   </datafield>
   <datafield ind1="8" ind2=" " tag="024">
      <subfield code="a">https://hdl.handle.net/10630/33991</subfield>
   </datafield>
   <datafield tag="653" ind2=" " ind1=" ">
      <subfield code="a">Espáridos - Enfermedades</subfield>
   </datafield>
   <datafield tag="653" ind2=" " ind1=" ">
      <subfield code="a">Espáridos - Virus</subfield>
   </datafield>
   <datafield tag="653" ind2=" " ind1=" ">
      <subfield code="a">Bacterias patógenas</subfield>
   </datafield>
   <datafield ind2="0" ind1="0" tag="245">
      <subfield code="a">Co-occurrence of viral and bacterial pathogens in disease outbreaks affecting newly cultured sparid fish</subfield>
   </datafield>
</record>
</metadata></record></GetRecord></OAI-PMH>